| 000 | 00647nam a2200217 a 4500 | ||
|---|---|---|---|
| 001 | 84549 | ||
| 003 | BD-RjUL | ||
| 005 | 20241222113708.0 | ||
| 008 | 241222s1972 bg ||||| |||| 00| 0 ben d | ||
| 035 | _a(BD-RjUL)84549 | ||
| 040 |
_aBD-RjUL _bben _cBD-RjUL |
||
| 041 | _aben | ||
| 082 |
_223 _a901 _bFAM 1972 |
||
| 100 |
_aফজল, আবুল _9162238 |
||
| 245 | 1 | 0 |
_aমানবতন্ত্র / _cআবুল ফজল |
| 250 | _a১ম সং . | ||
| 260 |
_aঢাকা : _bস্বদেশ, _c১৯৭২ |
||
| 300 |
_a৬৮ পৃ. ; _c২১ সেমি. |
||
| 650 |
_aHistory _9162239 _xPhilosophy |
||
| 942 |
_2ddc _cBK |
||
| 999 |
_c84549 _d84549 |
||